Statystyki dla NAJLEPSZE POLSKIE SERIALE

Kliknij tutaj aby rozwiązać quiz!

Ogólne statystyki

  • Ten quiz został rozwiązany 285 razy
  • Średni wynik to 3 z 6

Statystyki odpowiedzi

Odpowiedź% Poprawnych
M JAK MIŁOŚĆ
69%
RANCZO
63%
ŚWIAT WEDŁUG KIEPSKICH
55%
MIODOWE LATA
38%
RODZINKA PL
31%
TRZYNASTY POSTERUNEK
5%

Rozkład punktacji

Percentyl według liczby udzielonych odpowiedzi

Procent ludzi z każdym wynikiem

Twoja historia wyników

Nie rozwiązałeś tego quizu